Statystyki dla PRZTŁUMACZ NA JĘZYK ANGIELSKI POZIOM ŁATWY

Kliknij tutaj aby rozwiązać quiz!

Ogólne statystyki

  • Ten quiz został rozwiązany 44 razy
  • Średni wynik to 15 z 15

Statystyki odpowiedzi

SŁOWAODPOWIEDZI% Poprawnych
JABŁKOAPPLE
100%
KSIĄŻKABOOK
100%
PIESDOG
100%
JEŚĆEAT
100%
RYBAFISH
100%
ZIELONYGREEN
100%
ONHE
100%
RÓŻOWYPINK
100%
PIZZAPIZZA
100%
CZERWONYRED
100%
SERCHEESE
97%
DOMHOUSE
97%
JA JESTEMI AM
97%
SOKJUICE
92%
ZIEMNIAKPOTATO
92%

Rozkład punktacji

Percentyl według liczby udzielonych odpowiedzi

Procent ludzi z każdym wynikiem

Twoja historia wyników

Nie rozwiązałeś tego quizu